[Event "PMPJ 2022 - D15"]
[Site "Jastrzebia Gora"]
[Date "2022.11.11"]
[Round "8.2"]
[White "Sliwicka, Weronika"]
[Black "Nowak, Zuzanna"]
[Result "0-1"]
[BlackElo "1354"]
[WhiteElo "1265"]
[LiveChessVersion "1.4.8"]

1. e4 {[%clk 1:30:58]} e5 {[%clk 1:30:54]} 2. Nf3 {[%clk 1:31:23]} Nc6
{[%clk 1:31:18]} 3. Nc3 {[%clk 1:31:49]} Nf6 {[%clk 1:31:30]} 4. d4
{[%clk 1:32:11]} exd4 {[%clk 1:31:51]} 5. Nxd4 {[%clk 1:32:37]} Nxe4
{[%clk 1:31:59]} 6. Nxe4 {[%clk 1:22:48]} Qe7 {[%clk 1:32:27]} 7. f3
{[%clk 1:23:06]} d5 {[%clk 1:32:38]} 8. Nxc6 {[%clk 1:21:13]} bxc6
{[%clk 1:33:02]} 9. Qd4 {[%clk 1:17:45]} dxe4 {[%clk 1:32:29]} 10. Qxe4
{[%clk 1:17:58]} Bf5 {[%clk 1:29:44]} 11. Qxe7+ {[%clk 1:17:50]} Bxe7
{[%clk 1:30:12]} 12. c3 {[%clk 1:17:45]} O-O {[%clk 1:29:05]} 13. Be3
{[%clk 1:14:05]} Rab8 {[%clk 1:25:14]} 14. b3 {[%clk 1:14:19]} Bf6
{[%clk 1:24:54]} 15. Rc1 {[%clk 1:14:37]} Rfe8 {[%clk 1:24:35]} 16. Kf2
{[%clk 1:14:48]} Rbd8 {[%clk 1:23:56]} 17. Ba6 {[%clk 1:08:08]} Bd3
{[%clk 1:06:18]} 18. Bb7 {[%clk 1:01:23]} c5 {[%clk 1:04:56]} 19. Rhd1
{[%clk 1:00:00]} Re6 {[%clk 1:00:52]} 20. Be4 {[%clk 0:59:44]} Bxe4
{[%clk 0:48:42]} 21. Rxd8+ {[%clk 1:00:03]} Bxd8 {[%clk 0:49:02]} 22. fxe4
{[%clk 1:00:29]} Rxe4 {[%clk 0:47:21]} 23. Rd1 {[%clk 0:56:46]} Be7
{[%clk 0:30:09]} 24. Rd7 {[%clk 0:54:57]} g6 {[%clk 0:30:17]} 25. Rxc7
{[%clk 0:51:32]} Bd6 {[%clk 0:30:09]} 26. Rxa7 {[%clk 0:50:42]} Bxh2
{[%clk 0:29:54]} 27. Bh6 {[%clk 0:50:05]} f5 {[%clk 0:24:03]} 28. Rg7+
{[%clk 0:46:04]} Kh8 {[%clk 0:23:08]} 29. Rd7 {[%clk 0:44:42]} Kg8
{[%clk 0:22:50]} 30. Rg7+ {[%clk 0:41:40]} Kh8 {[%clk 0:23:19]} 31. Rf7
{[%clk 0:35:45]} Bd6 {[%clk 0:22:49]} 32. Rd7 {[%clk 0:35:38]} Be7
{[%clk 0:22:59]} 33. Rc7 {[%clk 0:35:06]} Kg8 {[%clk 0:22:17]} 34. Rc8+
{[%clk 0:34:05]} Kf7 {[%clk 0:22:45]} 35. Rh8 {[%clk 0:33:34]} g5
{[%clk 0:22:15]} 36. Rxh7+ {[%clk 0:33:15]} Kg6 {[%clk 0:22:36]} 37. Rxe7
{[%clk 0:31:14]} Rxe7 {[%clk 0:22:59]} 38. Bf8 {[%clk 0:31:39]} Ra7
{[%clk 0:20:41]} 39. Bxc5 {[%clk 0:30:48]} Rxa2+ {[%clk 0:21:06]} 40. Kg3
{[%clk 0:29:53]} f4+ {[%clk 0:20:36]} 41. Kh3 {[%clk 0:29:24]} Kf5
{[%clk 0:20:11]} 42. g4+ {[%clk 0:28:59]} Ke4 {[%clk 0:18:37]} 43. b4
{[%clk 0:28:13]} Kf3 {[%clk 0:14:43]} 44. b5 {[%clk 0:27:24]} Ra1
{[%clk 0:14:48]} 45. Kh2 {[%clk 0:27:49]} Kxg4 {[%clk 0:14:43]} 46. Bd4
{[%clk 0:26:43]} Ra2+ {[%clk 0:14:53]} 47. Kh1 {[%clk 0:26:14]} Kg3
{[%clk 0:14:55]} 48. c4 {[%clk 0:24:23]} Rd2 {[%clk 0:15:02]} 49. Bg1
{[%clk 0:24:39]} f3 {[%clk 0:15:06]} 0-1

[Event "PMPJ 2022 - D15"]
[Site "Jastrzebia Gora"]
[Date "2022.11.11"]
[Round "8.3"]
[White "Pniewska, Beata"]
[Black "Zgoda, Aleksandra"]
[Result "1-0"]
[BlackElo "1277"]
[WhiteElo "1353"]
[LiveChessVersion "1.4.8"]

1. c4 {[%clk 1:30:56]} Nf6 {[%clk 1:30:49]} 2. g3 {[%clk 1:31:08]} e5
{[%clk 1:31:00]} 3. Bg2 {[%clk 1:31:11]} Nc6 {[%clk 1:31:10]} 4. Nc3
{[%clk 1:31:01]} Bc5 {[%clk 1:30:48]} 5. Nf3 {[%clk 1:29:54]} O-O
{[%clk 1:29:47]} 6. O-O {[%clk 1:24:11]} d6 {[%clk 1:27:16]} 7. e3
{[%clk 1:20:08]} a6 {[%clk 1:22:57]} 8. a3 {[%clk 1:17:42]} Bf5 {[%clk 1:17:13]}
9. d4 {[%clk 1:17:49]} exd4 {[%clk 1:14:41]} 10. Nxd4 {[%clk 1:15:49]} Bd7
{[%clk 1:01:16]} 11. b4 {[%clk 1:15:05]} Ba7 {[%clk 1:00:39]} 12. Bb2
{[%clk 1:10:02]} Rb8 {[%clk 0:59:07]} 13. Rc1 {[%clk 1:06:30]} Ne5
{[%clk 0:56:04]} 14. Ne4 {[%clk 1:04:18]} Re8 {[%clk 0:50:35]} 15. Qc2
{[%clk 0:55:42]} h6 {[%clk 0:37:42]} 16. c5 {[%clk 0:48:22]} Nxe4
{[%clk 0:33:29]} 17. Bxe4 {[%clk 0:45:25]} dxc5 {[%clk 0:31:13]} 18. bxc5
{[%clk 0:45:15]} Bh3 {[%clk 0:26:58]} 19. Rfd1 {[%clk 0:42:20]} Qe7
{[%clk 0:24:48]} 20. Bg2 {[%clk 0:34:17]} Bxg2 {[%clk 0:22:44]} 21. Kxg2
{[%clk 0:34:40]} Rbd8 {[%clk 0:17:31]} 22. Qe4 {[%clk 0:30:28]} Nc6
{[%clk 0:17:15]} 23. Qxe7 {[%clk 0:28:23]} Nxe7 {[%clk 0:17:44]} 24. Kf3
{[%clk 0:22:39]} Rd5 {[%clk 0:16:20]} 25. Nb3 {[%clk 0:22:08]} Red8
{[%clk 0:15:57]} 26. Rd4 {[%clk 0:21:17]} Nc6 {[%clk 0:15:35]} 27. Rxd5
{[%clk 0:19:43]} Rxd5 {[%clk 0:16:03]} 28. Ke4 {[%clk 0:19:58]} Rh5
{[%clk 0:14:52]} 29. h4 {[%clk 0:19:34]} g5 {[%clk 0:12:57]} 30. hxg5
{[%clk 0:19:16]} hxg5 {[%clk 0:12:13]} 31. Kf5 {[%clk 0:19:15]} Kh7
{[%clk 0:06:56]} 32. g4 {[%clk 0:19:12]} Rh2 {[%clk 0:07:13]} 33. Kxg5
{[%clk 0:19:27]} Kg8 {[%clk 0:06:25]} 34. Bf6 {[%clk 0:17:57]} Kf8
{[%clk 0:06:06]} 35. Rc2 {[%clk 0:15:00]} Ne7 {[%clk 0:06:04]} 36. Rd2
{[%clk 0:13:56]} Nc6 {[%clk 0:05:51]} 37. Na5 {[%clk 0:13:43]} Ke8
{[%clk 0:04:29]} 38. Nxc6 {[%clk 0:14:01]} 1-0

[Event "PMPJ 2022 - D15"]
[Site "Jastrzebia Gora"]
[Date "2022.11.11"]
[Round "8.4"]
[White "Makarec, Anna"]
[Black "Gajec, Roza"]
[Result "1/2-1/2"]
[BlackElo "1357"]
[WhiteElo "1316"]
[LiveChessVersion "1.4.8"]

1. e4 c5 2. Nc3 Nc6 3. g3 g6 4. Bg2 Bg7 5. Nge2 e6 6. d3 d6 7. O-O Nge7 8. Be3
Nd4 9. Qd2 O-O 10. f4 Rb8 11. g4 f5 12. exf5 exf5 13. g5 b5 14. Rab1 a5 15. Nd5
Nxd5 16. Bxd5+ Kh8 17. c3 Nxe2+ 18. Qxe2 Bb7 19. Qg2 Qd7 20. d4 Qc7 21. Rbd1 Rfe8
22. Rfe1 Re7 23. Bxb7 Rxb7 24. dxc5 dxc5 25. Qd5 Bf8 26. Kg2 Rd7 27. Qe6 Re7 28.
Qd5 Rd7 29. Qe5+ Kg8 30. Qe6+ Kh8 31. Qe8 Rf7 32. Rd8 Kg8 33. Bf2 Qxf4 34. h4 h6
35. gxh6 Qg4+ 36. Kh2 Qf4+ 37. Kg2 1/2-1/2

[Event "PMPJ 2022 - D15"]
[Site "Jastrzebia Gora"]
[Date "2022.11.11"]
[Round "8.5"]
[White "Kaczmarek, Paulina"]
[Black "Idzior, Izabela"]
[Result "1-0"]
[BlackElo "1172"]
[WhiteElo "1331"]
[LiveChessVersion "1.4.8"]

1. e4 {[%clk 1:30:57]} e6 {[%clk 1:30:57]} 2. d4 {[%clk 1:31:17]} d5
{[%clk 1:31:24]} 3. e5 {[%clk 1:31:38]} c5 {[%clk 1:31:50]} 4. c3
{[%clk 1:32:01]} Nc6 {[%clk 1:32:18]} 5. Nf3 {[%clk 1:32:21]} Bd7
{[%clk 1:32:44]} 6. Bd3 {[%clk 1:32:04]} cxd4 {[%clk 1:33:04]} 7. cxd4
{[%clk 1:32:24]} Qb6 {[%clk 1:33:30]} 8. Nc3 {[%clk 1:32:24]} Nxd4
{[%clk 1:33:38]} 9. Nxd4 {[%clk 1:32:30]} Qxd4 {[%clk 1:34:03]} 10. O-O
{[%clk 1:32:17]} a6 {[%clk 1:33:49]} 11. g3 {[%clk 1:22:09]} Qxe5
{[%clk 1:26:02]} 12. Re1 {[%clk 1:22:25]} Qd6 {[%clk 1:10:53]} 13. Bf4
{[%clk 1:21:19]} Qc6 {[%clk 1:09:30]} 14. Rc1 {[%clk 1:19:00]} Bc5
{[%clk 1:02:51]} 15. Re2 {[%clk 1:09:47]} Ne7 {[%clk 0:51:42]} 16. b4
{[%clk 1:06:26]} e5 {[%clk 0:39:47]} 17. Rxe5 {[%clk 0:53:21]} f6
{[%clk 0:28:12]} 18. Re1 {[%clk 0:52:27]} g5 {[%clk 0:23:29]} 19. Bxg5
{[%clk 0:50:14]} fxg5 {[%clk 0:20:23]} 20. bxc5 {[%clk 0:50:34]} Be6
{[%clk 0:15:44]} 21. Qh5+ {[%clk 0:50:21]} Kd7 {[%clk 0:15:44]} 22. Qxg5
{[%clk 0:48:45]} Rag8 {[%clk 0:15:14]} 23. Qe3 {[%clk 0:48:46]} h5
{[%clk 0:11:10]} 24. Rb1 {[%clk 0:45:16]} Re8 {[%clk 0:05:15]} 25. Rb6
{[%clk 0:44:57]} Nf5 {[%clk 0:04:57]} 26. Bxf5 {[%clk 0:45:00]} Bxf5
{[%clk 0:05:22]} 27. Rxc6 {[%clk 0:44:52]} bxc6 {[%clk 0:04:26]} 28. Qd2
{[%clk 0:44:50]} Be6 {[%clk 0:03:30]} 29. Ne2 {[%clk 0:43:14]} Bf7
{[%clk 0:00:55]} 30. Nf4 {[%clk 0:43:35]} Reg8 {[%clk 0:01:10]} 31. Qd3
{[%clk 0:43:34]} Kc7 {[%clk 0:00:49]} 32. Re7+ {[%clk 0:43:47]} 1-0

[Event "PMPJ 2022 - D15"]
[Site "Jastrzebia Gora"]
[Date "2022.11.11"]
[Round "8.6"]
[White "Domeradzka, Karolina"]
[Black "Butkiewicz, Hanna"]
[Result "1-0"]
[BlackElo "1117"]
[WhiteElo "1123"]
[LiveChessVersion "1.4.8"]

1. e4 e5 2. Nf3 Nf6 3. Nxe5 d6 4. Nf3 Nxe4 5. Nc3 Nxc3 6. dxc3 Be7 7. Be3 O-O 8.
Qd2 Be6 9. O-O-O a5 10. a3 a4 11. h4 Bg4 12. Be2 Nc6 13. Ng5 Bxe2 14. Qxe2 Re8
15. Qh5 Bxg5 16. hxg5 h6 17. gxh6 g6 18. h7+ Kh8 19. Qd5 Qf6 20. Bg5 Qg7 21. Bh6
Qf6 22. f4 Ra5 23. Qf3 Qf5 24. g4 Qf6 25. Bg5 Rxg5 26. Rdf1 Ra5 27. g5 Qd8 28. c4
Ra6 29. Qc3+ Ne5 30. fxe5 dxe5 31. Rxf7 Qxg5+ 32. Kb1 Rc6 33. Qf3 Qd8 34. Rf1
Rxc4 35. Qxb7 Qb8 36. Qa6 Rf4 37. R1xf4 Qd8 38. Rf1 e4 39. Qxg6 1-0

[Event "PMPJ 2022 - D15"]
[Site "Jastrzebia Gora"]
[Date "2022.11.11"]
[Round "8.7"]
[White "Lach, Alicja"]
[Black "Racis, Dominika"]
[Result "1-0"]
[BlackElo "1248"]
[WhiteElo "1281"]
[LiveChessVersion "1.4.8"]

1. e4 {[%clk 1:30:59]} c6 {[%clk 1:30:50]} 2. d4 {[%clk 1:31:26]} d5
{[%clk 1:30:52]} 3. e5 {[%clk 1:31:52]} e6 {[%clk 1:30:36]} 4. Nf3
{[%clk 1:32:17]} c5 {[%clk 1:30:05]} 5. c3 {[%clk 1:32:43]} cxd4 {[%clk 1:22:38]}
6. cxd4 {[%clk 1:31:29]} Bb4+ {[%clk 1:01:51]} 7. Bd2 {[%clk 1:24:13]} Bxd2+
{[%clk 1:01:50]} 8. Qxd2 {[%clk 1:24:28]} Ne7 {[%clk 0:57:35]} 9. Bd3
{[%clk 1:21:34]} Nbc6 {[%clk 0:53:23]} 10. O-O {[%clk 1:19:22]} Ng6
{[%clk 0:48:45]} 11. Bxg6 {[%clk 1:06:43]} hxg6 {[%clk 0:48:43]} 12. Nc3
{[%clk 1:06:47]} a6 {[%clk 0:42:58]} 13. Rfe1 {[%clk 1:03:11]} Ne7
{[%clk 0:38:22]} 14. Qf4 {[%clk 0:49:14]} Nf5 {[%clk 0:27:48]} 15. g4
{[%clk 0:41:11]} Nh4 {[%clk 0:25:20]} 16. Re3 Nxf3+ {[%clk 0:13:26]} 17. Rxf3
{[%clk 0:35:22]} Qe7 18. Na4 {[%clk 0:28:22]} g5 {[%clk 0:12:29]} 19. Qd2
{[%clk 0:28:01]} Rh4 {[%clk 0:07:32]} 20. h3 f5 {[%clk 0:03:49]} 21. Nb6
{[%clk 0:20:12]} Rb8 22. Rc1 {[%clk 0:16:39]} Bd7 {[%clk 0:01:07]} 23. Rc7
{[%clk 0:16:25]} Rd8 {[%clk 0:01:30]} 24. Rxb7 {[%clk 0:16:01]} fxg4
{[%clk 0:01:46]} 25. Rg3 {[%clk 0:16:11]} Rxh3 {[%clk 0:01:29]} 26. Rxg4
{[%clk 0:15:50]} Rh5 {[%clk 0:01:22]} 27. Qc2 {[%clk 0:16:13]} Qb4
{[%clk 0:01:24]} 28. Qg6+ {[%clk 0:15:58]} Ke7 {[%clk 0:01:41]} 29. Qxg7+
{[%clk 0:16:22]} Ke8 {[%clk 0:01:39]} 30. Qg6+ {[%clk 0:15:15]} Ke7
{[%clk 0:01:59]} 31. Qxh5 {[%clk 0:15:35]} Qe1+ {[%clk 0:01:09]} 32. Kg2
{[%clk 0:15:54]} Qe2 {[%clk 0:00:46]} 33. Qxg5+ 1-0

[Event "PMPJ 2022 - D15"]
[Site "Jastrzebia Gora"]
[Date "2022.11.11"]
[Round "8.8"]
[White "Para, Aleksandra"]
[Black "Dura, Anna"]
[Result "0-1"]
[BlackElo "1190"]
[WhiteElo "1204"]
[LiveChessVersion "1.4.8"]

1. Nf3 e6 2. d4 d5 3. Bf4 c5 4. c3 Nc6 5. e3 Nf6 6. Nbd2 Bd6 7. Bg3 O-O 8. Qc2 a6
9. Be2 b5 10. Nf1 Bb7 11. Bxd6 Qxd6 12. Ng3 Rac8 13. Qd1 b4 14. a3 a5 15. O-O h6
16. Re1 Rfd8 17. Bb5 Na7 18. Be2 bxc3 19. bxc3 Ba6 20. a4 Bxe2 21. Qxe2 Rb8 22.
Rab1 Qc6 23. Qa2 Rdc8 24. Ne5 Qc7 25. Ne2 Nc6 26. Nxc6 Qxc6 27. f3 cxd4 28. exd4
Nd7 29. Rec1 Nb6 30. Ra1 Qc4 31. Qc2 Rc7 32. Rcb1 Rcb7 33. Kf2 Nd7 34. Rxb7 Rxb7
35. Ra3 e5 36. h3 exd4 37. Nxd4 Qc5 38. Rb3 Rc7 39. Qb2 Rc8 40. Kg1 Qc4 41. Ra3
Nc5 42. Qb5 {[%clk 0:00:10]} Ne6 43. Qxc4 Rxc4 44. Nxe6 fxe6 45. Kf2 Kf7 46. Ke3
Ke7 47. Kd3 Kf6 48. Ra2 Kf5 49. g3 g5 50. Ra3 h5 51. Ke3 e5 52. g4+ Kg6 53. Kd3
e4+ 54. fxe4 Rxe4 55. gxh5+ Kxh5 56. Kd2 Kh4 57. c4 Rxc4 58. Ke2 d4 59. Kd2 Rc3
60. Ra1 Rxh3 61. Rc1 Rf3 62. Rc4 Rf4 63. Rc5 g4 64. Rxa5 g3 65. Ra8 g2 66. Rh8+
Kg3 67. a5 g1=Q 0-1

[Event "PMPJ 2022 - D15"]
[Site "Jastrzebia Gora"]
[Date "2022.11.11"]
[Round "8.9"]
[White "Danek, Wiktoria"]
[Black "Markowska, Kalina"]
[Result "1-0"]
[BlackElo "1246"]
[WhiteElo "1132"]
[LiveChessVersion "1.4.8"]

1. d4 {[%clk 1:30:57]} Nf6 {[%clk 1:30:47]} 2. c4 {[%clk 1:31:13]} g6
{[%clk 1:31:13]} 3. Nc3 {[%clk 1:31:15]} Bg7 {[%clk 1:31:35]} 4. Nf3
{[%clk 1:31:23]} d6 {[%clk 1:31:22]} 5. e3 {[%clk 1:30:41]} O-O {[%clk 1:30:33]}
6. Bd3 {[%clk 1:28:01]} Nbd7 {[%clk 1:23:24]} 7. Qc2 {[%clk 1:23:45]} Rb8
{[%clk 1:17:03]} 8. O-O {[%clk 1:20:46]} Ne8 {[%clk 1:15:51]} 9. e4
{[%clk 1:18:00]} e5 {[%clk 1:14:29]} 10. d5 {[%clk 1:17:11]} Nc5 {[%clk 1:13:49]}
11. Nd2 {[%clk 1:07:46]} Nxd3 {[%clk 1:09:31]} 12. Qxd3 {[%clk 1:07:44]} f5
{[%clk 1:09:55]} 13. f3 {[%clk 1:05:25]} f4 {[%clk 1:09:58]} 14. Kh1
{[%clk 1:03:23]} Nf6 {[%clk 1:07:57]} 15. Rf2 {[%clk 0:57:51]} g5
{[%clk 1:04:49]} 16. h3 {[%clk 0:49:36]} Kf7 {[%clk 0:48:43]} 17. Kg1
{[%clk 0:44:49]} h5 {[%clk 0:47:52]} 18. Kf1 {[%clk 0:41:10]} g4 {[%clk 0:45:26]}
19. hxg4 {[%clk 0:39:40]} hxg4 {[%clk 0:45:44]} 20. Ke1 {[%clk 0:39:20]} Nh5
{[%clk 0:42:22]} 21. Nf1 {[%clk 0:35:09]} Qh4 {[%clk 0:37:02]} 22. Qc2
{[%clk 0:27:22]} gxf3 {[%clk 0:31:47]} 23. gxf3 {[%clk 0:26:54]} Bh3
{[%clk 0:31:39]} 24. Kd1 {[%clk 0:16:35]} Bxf1 {[%clk 0:29:56]} 25. Rxf1
{[%clk 0:17:02]} Ng3 {[%clk 0:30:14]} 26. Re1 {[%clk 0:15:39]} Qh5
{[%clk 0:19:19]} 27. Qd3 {[%clk 0:13:57]} Nh1 {[%clk 0:18:19]} 28. Qf1
{[%clk 0:14:13]} Ng3 {[%clk 0:18:08]} 29. Qd3 {[%clk 0:14:40]} Nh1
{[%clk 0:16:52]} 30. Qf1 {[%clk 0:11:53]} Rh8 {[%clk 0:17:13]} 31. Bd2
{[%clk 0:11:33]} Ng3 {[%clk 0:16:47]} 32. Qd3 {[%clk 0:11:10]} Qh2
{[%clk 0:16:19]} 33. Nb5 {[%clk 0:09:22]} Qf2 {[%clk 0:12:56]} 34. Rc1
{[%clk 0:06:05]} Qb6 {[%clk 0:11:09]} 35. c5 {[%clk 0:04:48]} dxc5
{[%clk 0:09:48]} 36. d6 {[%clk 0:03:15]} cxd6 {[%clk 0:07:24]} 37. Qd5+
{[%clk 0:03:20]} Ke7 {[%clk 0:04:11]} 38. Qc4 {[%clk 0:02:35]} Rhf8
{[%clk 0:02:13]} 39. b3 {[%clk 0:02:12]} a6 {[%clk 0:02:16]} 40. Nc3
{[%clk 0:02:40]} Kf6 {[%clk 0:02:03]} 1-0

[Event "PMPJ 2022 - D15"]
[Site "Jastrzebia Gora"]
[Date "2022.11.13"]
[Round "9.1"]
[White "Krzysztynska, Maria"]
[Black "Gajec, Roza"]
[Result "1/2-1/2"]
[BlackElo "1357"]
[WhiteElo "1128"]
[LiveChessVersion "1.4.8"]

1. d4 {[%clk 1:29:12]} Nf6 {[%clk 1:30:54]} 2. Bf4 {[%clk 1:28:11]} b6
{[%clk 1:30:51]} 3. e3 {[%clk 1:24:14]} Bb7 {[%clk 1:31:11]} 4. Nf3
{[%clk 1:23:45]} g6 {[%clk 1:31:35]} 5. Nbd2 {[%clk 1:22:35]} Bg7
{[%clk 1:31:52]} 6. Bd3 {[%clk 1:21:01]} d6 {[%clk 1:28:12]} 7. e4
{[%clk 1:15:39]} Nbd7 {[%clk 1:17:11]} 8. c3 {[%clk 1:09:09]} O-O
{[%clk 1:12:47]} 9. Rg1 {[%clk 1:04:19]} Re8 {[%clk 1:09:58]} 10. e5
{[%clk 1:01:50]} dxe5 {[%clk 1:03:06]} 11. Bxe5 {[%clk 0:55:40]} Nxe5
{[%clk 1:00:36]} 12. Nxe5 {[%clk 0:55:39]} Nd7 {[%clk 0:56:12]} 13. Bb5
{[%clk 0:44:56]} Nxe5 {[%clk 0:46:28]} 14. Bxe8 {[%clk 0:41:45]} Nd3+
{[%clk 0:46:44]} 15. Kf1 {[%clk 0:38:53]} Qxe8 {[%clk 0:46:27]} 16. Nc4
{[%clk 0:35:05]} Nf4 {[%clk 0:45:05]} 17. b3 {[%clk 0:29:15]} Bxg2+
{[%clk 0:37:52]} 18. Rxg2 {[%clk 0:29:14]} Nxg2 {[%clk 0:38:08]} 19. Kxg2
{[%clk 0:29:34]} Rd8 {[%clk 0:37:48]} 20. Qf3 {[%clk 0:26:24]} Qd7
{[%clk 0:35:13]} 21. Re1 {[%clk 0:22:02]} Kf8 {[%clk 0:31:38]} 22. Qf4
{[%clk 0:16:58]} Bf6 {[%clk 0:24:39]} 23. Qh6+ {[%clk 0:15:25]} Kg8
{[%clk 0:23:00]} 24. Re3 {[%clk 0:10:58]} Qg4+ {[%clk 0:21:17]} 25. Rg3
{[%clk 0:10:43]} Qe4+ {[%clk 0:20:57]} 26. Kg1 {[%clk 0:07:23]} Qe1+
{[%clk 0:15:07]} 27. Kg2 {[%clk 0:07:29]} Qe4+ {[%clk 0:15:26]} 28. Kg1
{[%clk 0:07:33]} Qb1+ {[%clk 0:14:24]} 29. Kg2 {[%clk 0:07:47]} Qxa2
{[%clk 0:14:24]} 30. Rh3 {[%clk 0:06:53]} Rd5 {[%clk 0:09:51]} 31. Ne5
{[%clk 0:05:35]} Bg7 {[%clk 0:06:05]} 32. Qxh7+ {[%clk 0:05:50]} Kf8
{[%clk 0:06:31]} 33. Rf3 {[%clk 0:05:28]} Rxe5 {[%clk 0:06:30]} 34. dxe5
{[%clk 0:05:27]} Qxb3 {[%clk 0:06:16]} 35. Rd3 {[%clk 0:03:56]} e6
{[%clk 0:05:11]} 36. Qh4 {[%clk 0:03:34]} Kg8 {[%clk 0:00:53]} 37. Rd8+
{[%clk 0:02:59]} Bf8 {[%clk 0:01:09]} 38. Rd3 {[%clk 0:01:27]} Qb5
{[%clk 0:01:05]} 39. Qd4 {[%clk 0:01:19]} Qc6+ {[%clk 0:01:15]} 40. f3
{[%clk 0:01:29]} Kg7 {[%clk 0:00:59]} 41. Qd8 {[%clk 0:01:33]} Qc4
{[%clk 0:01:03]} 42. Qf6+ {[%clk 0:01:23]} Kg8 {[%clk 0:01:23]} 43. Rd7
{[%clk 0:01:08]} Qe2+ {[%clk 0:01:48]} 44. Kg3 {[%clk 0:01:04]} Qe1+
{[%clk 0:02:15]} 45. Kg2 {[%clk 0:01:02]} Qe2+ {[%clk 0:02:44]} 46. Kg3
{[%clk 0:00:53]} Qe1+ {[%clk 0:03:02]} 47. Kh3 {[%clk 0:00:53]} Qf1+
{[%clk 0:03:20]} 48. Kg3 {[%clk 0:01:05]} 1/2-1/2

[Event "PMPJ 2022 - D15"]
[Site "Jastrzebia Gora"]
[Date "2022.11.13"]
[Round "9.2"]
[White "Nowak, Zuzanna"]
[Black "Domeradzka, Karolina"]
[Result "1-0"]
[BlackElo "1123"]
[WhiteElo "1354"]
[LiveChessVersion "1.4.8"]

1. e4 {[%clk 1:30:58]} e5 {[%clk 1:30:46]} 2. Nf3 {[%clk 1:31:23]} Nf6
{[%clk 1:31:06]} 3. Nc3 {[%clk 1:29:52]} d6 {[%clk 1:28:20]} 4. d4
{[%clk 1:26:39]} exd4 {[%clk 1:21:39]} 5. Nxd4 {[%clk 1:26:18]} Bd7
{[%clk 1:21:17]} 6. Bg5 {[%clk 1:25:47]} a6 {[%clk 1:18:50]} 7. Qd2
{[%clk 1:18:40]} h6 {[%clk 1:10:22]} 8. Bh4 {[%clk 1:18:53]} g5 {[%clk 1:09:44]}
9. Bg3 {[%clk 1:19:06]} Bg7 {[%clk 1:09:55]} 10. f3 {[%clk 1:13:07]} Nc6 11. Nb3
{[%clk 1:13:04]} Nh5 {[%clk 1:05:04]} 12. Bf2 {[%clk 1:12:08]} Nf4
{[%clk 1:04:55]} 13. h4 {[%clk 1:10:04]} Qe7 {[%clk 0:54:17]} 14. O-O-O
{[%clk 1:07:03]} O-O-O {[%clk 0:30:42]} 15. g3 {[%clk 0:57:05]} Bxc3
{[%clk 0:24:35]} 16. Qxc3 {[%clk 0:57:07]} Ne6 {[%clk 0:24:45]} 17. Na5
{[%clk 0:49:06]} Nxa5 {[%clk 0:23:04]} 18. Qxa5 {[%clk 0:49:13]} Bc6
{[%clk 0:23:21]} 19. b4 {[%clk 0:38:50]} Qf6 {[%clk 0:17:24]} 20. Be2
{[%clk 0:38:58]} Bxe4 {[%clk 0:14:30]} 21. hxg5 {[%clk 0:39:06]} Nxg5
{[%clk 0:13:54]} 22. Bd4 {[%clk 0:39:15]} Qg6 {[%clk 0:09:00]} 23. fxe4
{[%clk 0:38:51]} Rhe8 {[%clk 0:06:48]} 24. Bg4+ {[%clk 0:36:18]} Kb8
{[%clk 0:06:35]} 25. Bf5 {[%clk 0:36:43]} Qg8 {[%clk 0:06:33]} 26. b5
{[%clk 0:36:02]} Nxe4 {[%clk 0:05:46]} 27. bxa6 {[%clk 0:35:10]} Qg5+
{[%clk 0:04:45]} 28. Kb1 {[%clk 0:34:24]} c5 {[%clk 0:02:56]} 29. Bxe4
{[%clk 0:26:20]} Rxe4 {[%clk 0:01:25]} 30. Bxc5 {[%clk 0:25:33]} Re6
{[%clk 0:01:38]} 31. Qb6 {[%clk 0:25:40]} Qe7 {[%clk 0:01:02]} 32. Qa7+
{[%clk 0:20:59]} Kc8 {[%clk 0:01:20]} 33. Qa8+ {[%clk 0:21:22]} Kd7
{[%clk 0:01:48]} 34. Qxb7+ {[%clk 0:21:44]} Ke8 {[%clk 0:02:17]} 35. Qxe7+
{[%clk 0:20:54]} Kxe7 {[%clk 0:02:45]} 36. Bd4 {[%clk 0:20:49]} Rg6
{[%clk 0:02:49]} 37. a7 {[%clk 0:20:58]} Rxg3 {[%clk 0:03:03]} 38. Rhe1+
{[%clk 0:21:03]} Kd7 {[%clk 0:03:05]} 39. Bf6 {[%clk 0:21:01]} Rc8
{[%clk 0:03:12]} 40. Re7+ {[%clk 0:21:05]} Kc6 {[%clk 0:03:38]} 41. Rde1
{[%clk 0:20:15]} Ra8 {[%clk 0:02:39]} 42. Rxf7 {[%clk 0:20:07]} Rf3
{[%clk 0:02:37]} 43. Ree7 {[%clk 0:20:22]} Kd5 {[%clk 0:02:44]} 44. Kb2
{[%clk 0:16:59]} Kc4 {[%clk 0:02:01]} 45. Rb7 {[%clk 0:16:39]} h5
{[%clk 0:02:10]} 46. Rb8 {[%clk 0:16:17]} Rxa7 {[%clk 0:02:37]} 47. Rxa7
{[%clk 0:16:32]} Rxf6 {[%clk 0:03:04]} 48. Rh7 {[%clk 0:16:51]} Rf5
{[%clk 0:03:18]} 49. a4 {[%clk 0:17:13]} Ra5 {[%clk 0:03:38]} 50. Rc7+
{[%clk 0:17:06]} Kd4 {[%clk 0:03:47]} 51. Rb4+ {[%clk 0:17:23]} Ke3
{[%clk 0:03:43]} 52. Rc3+ {[%clk 0:17:06]} Kd2 {[%clk 0:03:45]} 53. Rd3+
{[%clk 0:17:24]} 1-0

[Event "PMPJ 2022 - D15"]
[Site "Jastrzebia Gora"]
[Date "2022.11.13"]
[Round "9.3"]
[White "Kaczmarek, Paulina"]
[Black "Pniewska, Beata"]
[Result "0-1"]
[BlackElo "1353"]
[WhiteElo "1331"]
[LiveChessVersion "1.4.8"]

1. e4 {[%clk 1:30:30]} e6 {[%clk 1:30:53]} 2. d4 {[%clk 1:31:22]} d5
{[%clk 1:31:17]} 3. exd5 {[%clk 1:31:47]} exd5 {[%clk 1:31:23]} 4. Nf3
{[%clk 1:31:55]} Bg4 {[%clk 1:30:42]} 5. Bd3 {[%clk 1:28:03]} Nc6
{[%clk 1:29:27]} 6. c3 {[%clk 1:27:36]} Bd6 {[%clk 1:28:41]} 7. O-O
{[%clk 1:27:22]} Nge7 {[%clk 1:27:15]} 8. Nbd2 {[%clk 1:27:26]} Ng6
{[%clk 1:24:23]} 9. h3 {[%clk 1:26:51]} Be6 {[%clk 1:18:42]} 10. Nb3
{[%clk 1:25:51]} Qe7 {[%clk 1:11:43]} 11. Re1 {[%clk 1:25:25]} O-O
{[%clk 1:06:44]} 12. Ng5 {[%clk 1:21:10]} Bf4 {[%clk 0:57:13]} 13. Nxe6
{[%clk 1:19:23]} fxe6 {[%clk 0:57:12]} 14. Qc2 {[%clk 1:16:18]} Bxc1
{[%clk 0:52:45]} 15. Raxc1 {[%clk 1:13:04]} Nf4 {[%clk 0:51:20]} 16. Bxh7+
{[%clk 1:00:43]} Kh8 {[%clk 0:51:43]} 17. Re3 {[%clk 1:00:35]} Qh4
{[%clk 0:51:13]} 18. Bd3 {[%clk 1:00:01]} Nxd3 {[%clk 0:45:47]} 19. Rxd3
{[%clk 0:59:51]} Rf6 {[%clk 0:44:31]} 20. Qe2 {[%clk 0:50:32]} Raf8
{[%clk 0:43:41]} 21. Rf1 {[%clk 0:50:11]} b6 {[%clk 0:37:06]} 22. Qg4
{[%clk 0:48:15]} Qh7 {[%clk 0:36:43]} 23. Rg3 {[%clk 0:47:06]} Ne7
{[%clk 0:36:01]} 24. Qe2 {[%clk 0:46:01]} Ng6 {[%clk 0:35:06]} 25. Qd3
{[%clk 0:42:09]} Qh6 {[%clk 0:33:18]} 26. Nd2 {[%clk 0:40:25]} Nf4
{[%clk 0:31:36]} 27. Qe3 {[%clk 0:40:21]} Rg6 {[%clk 0:29:54]} 28. Kh2
{[%clk 0:38:18]} Rf5 {[%clk 0:25:19]} 29. Rxg6 {[%clk 0:36:12]} Qxg6
{[%clk 0:25:32]} 30. Qg3 {[%clk 0:31:50]} Qf6 {[%clk 0:25:23]} 31. Nf3
{[%clk 0:30:31]} Kg8 {[%clk 0:20:47]} 32. Qh4 {[%clk 0:28:17]} Qg6
{[%clk 0:20:22]} 33. g3 {[%clk 0:27:00]} Nxh3 {[%clk 0:18:46]} 34. Qxh3
{[%clk 0:21:16]} Rxf3 {[%clk 0:19:05]} 35. Qh4 {[%clk 0:19:23]} Rf6
{[%clk 0:17:11]} 36. Kg2 {[%clk 0:15:42]} Qf5 {[%clk 0:16:27]} 37. f3
{[%clk 0:10:40]} c5 {[%clk 0:14:15]} 38. Rf2 {[%clk 0:09:01]} Qb1
{[%clk 0:12:39]} 39. a3 {[%clk 0:08:58]} Rh6 {[%clk 0:12:38]} 40. Qxh6
{[%clk 0:04:18]} gxh6 {[%clk 0:13:01]} 41. dxc5 {[%clk 0:04:45]} bxc5
{[%clk 0:13:21]} 42. Re2 {[%clk 0:04:25]} Kf7 {[%clk 0:13:38]} 43. f4
{[%clk 0:04:40]} Qd1 {[%clk 0:12:57]} 44. Rf2 {[%clk 0:04:40]} d4
{[%clk 0:13:02]} 45. cxd4 {[%clk 0:04:10]} cxd4 {[%clk 0:13:22]} 46. f5
{[%clk 0:04:30]} e5 {[%clk 0:13:27]} 47. b4 {[%clk 0:04:56]} d3 {[%clk 0:13:31]}
48. b5 {[%clk 0:05:10]} d2 {[%clk 0:13:45]} 49. b6 {[%clk 0:05:35]} axb6
{[%clk 0:14:08]} 0-1